| 000 | 00533nam a2200145Ia 4500 | ||
|---|---|---|---|
| 999 |
_c18976 _d18976 |
||
| 082 | _aRR 920.54 REF- | ||
| 245 | 0 | _aReference India: biographical-notes about men & women of achievement of today & tomorrow | |
| 260 |
_aNew Delhi _bRifacimento International _c2008 |
||
| 500 | _acontents: 4 Vols. Vol.1 (A-F), (400p.) - v.2 (G-L), (399p.) - v.3 (M-R), (400p.) - v.4 (S-Z), (400p.) | ||
| 650 |
_aIndia _vBiography |
||
| 650 |
_aCelebrities _vBiography |
||
| 650 |
_aBiography _vDirectories |
||
| 700 | _aBhushan, Ravi | ||
| 942 |
_cBK _2ddc |
||